000 00801cam a2200217 4500500
005 20260111080443.0
041 _afre
042 _adc
100 1 0 _aHernu, Paul
_eauthor
245 0 0 _aLe suivi des recommandations des chambres régionales des comptes sur la gestion des collectivités locales
260 _c2020.
500 _a25
690 _achambres régionales des comptes
690 _acontrôle de la gestion
690 _aCour des comptes
690 _afinances locales
690 _arapport d’observations définitives
690 _asuivi des recommandations
786 0 _nGestion & Finances Publiques | 6 | 6 | 2020-12-09 | p. 40-45 | 1969-1009
856 4 1 _uhttps://droit.cairn.info/revue-gestion-et-finances-publiques-2020-6-page-40?lang=fr&redirect-ssocas=7080
999 _c1616326
_d1616326